Advanced Plasma Technology

Guardado en:
Detalles Bibliográficos
Formato: Libro
Lenguaje:inglés
Publicado: Weinheim Wiley-VCH Verlag 2008
Materias:
Acceso en línea:Ver en el OPAC
Etiquetas: Agregar Etiqueta
Sin Etiquetas, Sea el primero en etiquetar este registro!

MARC

LEADER 00000nam a2200000 a 4500
005 20260127134213.0
008 080225 2008 gw 000 0 eng d
020 |a 9783527405916 
035 |a vtls009186135 
039 9 |a 200802260800  |b mschk02  |y 200802251140  |z mschk02 
040 |a STUSCHK1  |b slo  |c STUSCHK1  |e AACR2 
080 |a 668.9 
245 1 |a Advanced Plasma Technology  |c Edited by Riccardo d´Agostino, Pietro Favia, Yoshinobu Kawai, Hideo Ikegami, Noriyoshi Sato, Farzaneh Arefi-Khonsari 
260 |a Weinheim  |b Wiley-VCH Verlag  |c 2008 
300 |a xxii, 457 p.  |b ill.  |c 24,5 cm 
650 0 |a plasma technology 
650 0 |a plasma diagnostics 
650 0 |a plasma in biology 
650 0 |a plasma in medicine 
650 0 |a plasma in biomaterials 
910 |a SCHK95 
919 |a 978-3-527-40591-6 
999 |c 6613  |d 6613